Pokémon - Les attaques de Écaïd - Statistiques

Statistiques générales
  • Ce quiz a été pris 13 fois
  • Le résultat moyen est 12 sur 15
Statistiques - réponses
Niveaux Types Noms des attaques % Correct
Départ Normal Charge
100%
Niveau 56 Combat Close Combat
100%
Niveau 50 Dragon Colère
100%
Niveau 44 Dragon Danse Draco
100%
Niveau 32 Dragon Draco-Griffe
100%
Niveau 28 Acier Mur de Fer
100%
Départ Dragon Draco-Queue
83%
Niveau 24 Normal Grincement
83%
Départ Normal Groz'Yeux
83%
Niveau 12 Normal Grimace
67%
Niveau 20 Normal Rengorgement
67%
Départ Normal Abri
50%
Départ Acier Allègement
50%
Niveau 16 Normal Coup d'Boule
33%
Niveau 38 Normal Râle Mâle
33%
Aucun quiz correspondant
Distribution des résultats
% des personnes avec chaque résultat
Percentile par nombre de réponses
Votre historique - résultats
Vous n’avez pas pris ce quiz